Science Quiz

Random Science or Anatomy Quiz
Score 0/9 Timer 05:00
0 Plays Today
Hint Answer % Correct
1head of radius
91.5%
3radial tuberosity
81.5%
2neck of radius
79.4%
4styloid process of radius
73.6%
6trochlear notch
70.9%
5olecranon process
69.8%
7coronoid process
69.4%
9styloid process of ulna
68.1%
8head of ulna
64.6%
Remove Ads.
Support Sporcle.
Get the best of Sporcle when you Go Orange. This ad-free experience offers more features, more stats, and more fun while also helping to support Sporcle. Thank you for becoming a member.

You're not logged in!

Compare scores with friends on all Sporcle quizzes.
OR
Log In

Sporcle TV

Today on Sporcle TV


Watch our educational content, quiz creation guides, and fun videos on Sporcle TV.

Show Comments

Extras

Created Sep 10, 2013ReportNominate
Tags:Anatomy Quiz, ulna

Top Quizzes Today


Score Distribution

Paid Content

Your Account Isn't Verified!

In order to create a playlist on Sporcle, you need to verify the email address you used during registration. Go to your Sporcle Settings to finish the process.

Report this User

Report this user for behavior that violates our Community Guidelines.

Details: